OSRS Trivia #1 - Statistics

General Stats
  • This quiz has been taken 806 times
    239 since last reset
  • The average score is 5 of 10
Answer Stats
Question Answer % Correct
How do you pronounce Ardougne? Arr-doyn
89%
Rounded to the nearest million, how much xp is required to obtain level 99 in a skill? 13 million
85%
Which of these is not a barrows brother? Verok the Tainted
83%
What is the highest possible total level? 2376
58%
What was the original name of RuneScape in 1998? DeviousMUD
57%
What is the examine text of a chicken? Yup. Definitely a chicken.
37%
What is the most common skill cape? Strength
35%
How much does it cost to skip the puzzle in 'Monkey Madness'? 200,000gp
31%
What year was EOC released? 2012
23%
What whas the first 99 ever achieved after the release of OSRS? Thieving
19%
No matching quizzes found
Score Distribution
Percent of People with Each Score
Percentile by Number Answered
Your Score History
You have not taken this quiz since the last reset